Normal view
MARC view
- Ameen , Ahmadul
Entry Personal Name
001 - CONTROL NUMBER
- control field: 83594
003 - CONTROL NUMBER IDENTIFIER
- control field: NUST
005 - DATE AND TIME OF LATEST TRANSACTION
- control field: 20211101110843.0
008 - FIXED-LENGTH DATA ELEMENTS
- fixed length control field: 211101|| aca||aabn | a|a d
040 ## - CATALOGING SOURCE
- Original cataloging agency: NUST
- Transcribing agency: NUST
100 ## - HEADING--PERSONAL NAME
- Personal name: Ameen , Ahmadul
670 ## - SOURCE DATA FOUND
- Source citation: Work cat.: (NUST)34031: Ameen , Ahmadul , Refrigeration And Air Conditioning /, 2014.
